000 00850nam a22002657a 4500
003 OSt
005 20260427101642.0
008 260427b |||||||| |||| 00| 0 eng d
020 _a9781032729888888879
020 _a9781003423355
040 _aMMARA-U
_beng
_cMMARA-U
_dMMARA-U
050 _aKD 661 .H89 2025
100 _aFrost Tom.
_93163
245 _aUnlocking The English Legal System /
_cTom Frost, Rebecca Huxley-Binns, Jacqueline Martin, and Shaneez Mithani.
250 _aEighth Edition.
260 _aLondon :
_bRoutledge,
_c2025.
300 _axIii, 571 pages :
_bIllustrations :
504 _aIncludes Index.
650 _aThe Sources of Law.
_93164
700 _aFrost Tom.
_93163
700 _aHuxley-Binns Rebecca.
_93165
700 _aMartin Jacqueline.
_93166
700 _aMithani Shaneez.
_93167
942 _2lcc
_cLOAN LOAN
999 _c33527
_d33524